MLB Top 5 AL MVP Voting 2010s - Statistics

General Stats
  • This quiz has been taken 215 times
  • The average score is 38 of 50
Answer Stats
Year Team Player % Correct
2010: 2 Tigers Miguel Cabrera
97%
2011: 5 Tigers Miguel Cabrera
97%
2012: 1 Tigers Miguel Cabrera
97%
2013: 1 Tigers Miguel Cabrera
97%
2012: 2 Angels Mike Trout
96%
2013: 2 Angels Mike Trout
96%
2014: 1 Angels Mike Trout
96%
2015: 2 Angels Mike Trout
96%
2016: 1 Angels Mike Trout
96%
2017: 4 Angels Mike Trout
96%
2018: 2 Angels Mike Trout
96%
2019: 1 Angels Mike Trout
96%
2011: 1 Tigers Justin Verlander
93%
2016: 3 Astros Jose Altuve
92%
2017: 1 Astros Jose Altuve
92%
2017: 3 Indians José Ramírez
90%
2018: 3 Indians José Ramírez
90%
2016: 2 Red Sox Mookie Betts
90%
2018: 1 Red Sox Mookie Betts
90%
2017: 2 Yankees Aaron Judge
88%
2010: 4 Blue Jays José Bautista
88%
2011: 3 Blue Jays José Bautista
88%
2013: 4 Athletics Josh Donaldson
88%
2015: 1 Blue Jays Josh Donaldson
88%
2016: 4 Blue Jays Josh Donaldson
88%
2010: 1 Rangers Josh Hamilton
86%
2012: 5 Rangers Josh Hamilton
86%
2018: 5 Astros Alex Bregman
80%
2019: 2 Astros Alex Bregman
80%
2013: 3 Orioles Chris Davis
78%
2017: 5 Indians Francisco Lindor
72%
2010: 3 Yankees Robinson Canó
68%
2012: 4 Yankees Robinson Canó
68%
2013: 5 Yankees Robinson Canó
68%
2014: 5 Mariners Robinson Canó
68%
2018: 4 Red Sox J.D. Martinez
66%
2014: 2 Tigers Víctor Martínez
66%
2012: 3 Rangers Adrian Beltré
61%
2015: 4 Orioles Manny Machado
57%
2016: 5 Orioles Manny Machado
57%
2014: 4 White Sox José Abreu
55%
2015: 3 Royals Lorenzo Cain
55%
2011: 2 Red Sox Jacoby Ellsbury
50%
2019: 5 Red Sox Xander Bogaerts
49%
2019: 3 Athletics Marcus Semien
47%
2010: 5 White Sox Paul Konerko
46%
2011: 4 Yankees Curtis Granderson
41%
2019: 4 Yankees DJ LeMahieu
36%
2015: 5 Astros Dallas Keuchel
34%
2014: 3 Indians Michael Brantley
30%
No matching quizzes found
Score Distribution
Percent of People with Each Score
Percentile by Number Answered
Your Score History
You have not taken this quiz